|
|
|
|
| LEADER |
00000cam a2200000 a 4500 |
| 001 |
UCD2908 |
| 003 |
CL-VaPUC |
| 005 |
20241209165603.0 |
| 008 |
160520e19900000sp |||||||||||||||||spa|d |
| 999 |
|
|
|c 364017
|d 364015
|
| 020 |
|
|
|a 8474325064
|
| 040 |
|
|
|c Pontificia Universidad Católica de Valparaíso
|
| 082 |
0 |
4 |
|a 907.2 BUR 1990
|2 21
|
| 100 |
0 |
|
|a Burke, Peter
|e autor
|9 586312
|
| 245 |
1 |
3 |
|a La revolución historiográfica francesa.
|b La escuela de los Annales 1929-1989.
|
| 260 |
|
|
|a Barcelona, España:
|b Gedisa,
|c 1990.
|
| 300 |
|
|
|a 141 páginas.
|
| 490 |
0 |
|
|a Historia
|
| 500 |
|
|
|a c.2 Donación VRA-N.Vásquez L.
|
| 583 |
|
|
|a last modification
|c 20160520 11:34:00
|k Rodrigo Vera
|
| 650 |
|
0 |
|a Historiografía
|9 257871
|
| 942 |
|
|
|c BK
|2 ddc
|
| 945 |
|
|
|d 20160520 11:34:00
|a dcastane
|
| 952 |
|
|
|0 0
|1 0
|3 erb
|4 0
|6 907_200000000000000_BUR_1990
|7 0
|8 A
|9 476925
|a FDOHBE
|b BIBHIS
|e Huesbe Llanos, Marco Antonio, 1934-
|i 5305128
|l 2
|o 907.2 BUR 1990
|p 5305128
|r 2024-01-30
|s 2023-09-08
|w 2019-11-24
|y BK
|z Catalogado en:20160520
|k HBE
|
| 952 |
|
|
|0 0
|1 0
|2 ddc
|4 0
|6 907_200000000000000_BUR_1990
|7 0
|8 A
|9 577797
|a BIBHIS
|b BIBHIS
|d 2021-05-18
|i 5621186
|l 9
|m 2
|o 907.2 BUR 1990
|p 5621186
|q 2025-05-07
|r 2025-04-07
|s 2025-04-07
|t 2
|w 2021-05-18
|y BK
|k HIS
|